[Event "2nd Gujarat Open 2019"]
[Site "Ahmedabad, Gujarat"]
[Date "2019.09.24"]
[Round "4.6"]
[White "Rathnakaran, K.."]
[Black "Neelotpal, Das"]
[Result "1-0"]
[WhiteElo "2325"]
[BlackElo "2433"]
[Annotator "TA"]
[PlyCount "69"]
[EventDate "2019.09.22"]
[EventCountry "IND"]
[SourceTitle "playchess.com"]
[Source "ChessBase"]
[SourceQuality "1"]

{[%evp 12,79,-26,-23,-27,-25,-22,-20,-18,-25,-26,-32,-32,-32,-37,-34,-29,-33,-19,-53,-35,-33,-9,-50,-25,-56,-31,-37,0,0,0,-16,0,-89,-81,-109,-35,-33,-28,-16,-24,-101,6,0,3,-52,70,35,68,76,358,377,1551,1506,1516,1479,1175,794,685,635,1597,1357,29990,29985,29986,916,29989,29990,29991,29991]} 1. e4 e5 2. Nc3 Nf6 3. Bc4 Nc6 4. d3 Na5 5. Nf3 Nxc4 6. dxc4 Bb4 7. Qd3 d6 {C28: Vienna Game: 2...Nf6 3 Bc4 Nc6} 8. Bd2 Nd7 9. O-O-O Nc5 {The position is equal.} 10. Qe3 $146 ({Predecessor:} 10. Qe2 Bxc3 11. Bxc3 Qf6 12. Nd2 a5 13. f3 Qh6 14. Kb1 Na4 15. Qd3 Nc5 16. Qe2 Na4 17. Qd3 Nc5 18. Qe2 Na4 19. Qd3 Nc5 20. Qe2 {½-½ (20) Bitoon,R (2413)-Barbosa,O (2533) Quezon City 2014}) 10... O-O 11. Ne2 Bxd2+ 12. Nxd2 f5 13. exf5 Bxf5 14. h4 Qf6 15. Rdg1 Bd7 16. f3 b5 17. h5 bxc4 18. h6 g6 19. Nxc4 Be6 (19... Qe6 $5 {[%cal Re6c4]} 20. Rh4 Bb5 $15) 20. Nd2 Rab8 21. b3 Nd7 22. Re1 (22. Ne4 $11 {remains equal.} Qe7 23. Qg5 Qxg5+ 24. Nxg5) 22... d5 $1 $17 23. g4 Bf7 ({Black should try} 23... Rb6 $17 24. Qc3 c5) 24. f4 $15 e4 25. Kb1 $1 c5 26. c4 (26. g5 $11 {keeps the balance.} Qh8 27. Qh3) 26... d4 (26... dxc4 $1 $17 27. Nxe4 Qh8) 27. Qxe4 $11 Rfe8 28. Qg2 ({Better is} 28. Qc2 $11) 28... Nb6 (28... Re3 $1 $15 29. Ne4 Qc6) 29. Ng3 {[%cal Be2g3,Bg3h5,Bh5f6,Bf6d7,Bd7e5][%mdl 32]} ({Reject} 29. Ne4 Qc6 $17) 29... Rxe1+ 30. Rxe1 Qxf4 $2 {[%mdl 8192] [#]} (30... Nxc4 $16 31. Nxc4 Bxc4) 31. Nh5 $1 $18 {[%cal Rh5f4][%mdl 512]} Qg5 $2 (31... Qc7 32. Nf6+ Kh8) (31... gxh5 32. gxh5+) 32. Ne4 Qd8 33. Nhf6+ Kh8 34. Qh2 {White threatens Nd6 and mate.} Nxc4 {[#]} 35. Ng5 {Played: Nf6-d7} 1-0

[Event "2nd Gujarat Open 2019"]
[Site "Ahmedabad, Gujarat"]
[Date "2019.09.24"]
[Round "4.7"]
[White "Lugovskoy, Maxim"]
[Black "Pranav, Shetty"]
[Result "1-0"]
[WhiteElo "2422"]
[BlackElo "2124"]
[Annotator "TA"]
[PlyCount "83"]
[EventDate "2019.09.22"]
[EventCountry "IND"]
[SourceTitle "playchess.com"]
[Source "ChessBase"]
[SourceQuality "1"]

{[%evp 19,83,36,39,31,25,23,21,22,45,49,41,41,71,58,53,47,47,50,118,116,113,110,110,79,106,54,63,54,102,100,97,84,163,84,102,121,89,43,43,43,40,38,43,43,52,34,47,41,56,37,45,0,41,0,85,84,84,84,336,333,334,336,545,504,811,739]} 1. e4 c5 2. Nf3 d6 3. Bb5+ Nc6 4. O-O Bd7 5. c3 Nf6 6. Re1 a6 7. Bf1 Bg4 8. h3 Bxf3 9. Qxf3 g6 10. d3 Bg7 11. Nd2 {B51: Sicilian: Moscow Variation (3 Bb5+) without 3...Bd7} (11. Be3 O-O 12. Nd2 Nd7 13. Qd1 b5 14. Nf3 Nb6 15. Qd2 Na4 16. Rac1 Re8 17. b3 Nb6 18. d4 Nd7 19. d5 {0-1 (58) Kovalev,V (2639)-Mamedov,R (2709) Riadh 2017}) 11... O-O 12. Qd1 b5 13. Nf3 {The position is equal.} Nd7 14. d4 Qc7 15. Be3 {[#]} b4 $146 ({Predecessor:} 15... Rfc8 16. Qd2 Qb7 17. Rad1 Rc7 18. Bd3 Rd8 19. Bb1 {1-0 (53) Rook,D (2448)-Jensen,E (2507) ICCF email 2012}) 16. Rc1 bxc3 17. bxc3 {[%cal Bb2c3,Bc3d4][%mdl 32]} Qa5 18. Nd2 cxd4 ({Black should play} 18... Rfb8 $14) 19. cxd4 $16 Rfc8 20. Nc4 Qd8 21. Re2 Na5 22. Rb2 (22. Nxa5 $16 Rxc1 23. Qxc1 Qxa5 24. Qc6) 22... Nxc4 $14 23. Rxc4 e6 24. Rxc8 Qxc8 25. Qa4 Qc7 (25... Nf6 $16) 26. Rb1 (26. Rc2 $18 Qd8 27. Qc6) 26... a5 27. Rc1 Qd8 28. Bb5 Nb6 29. Qb3 d5 30. e5 Bf8 31. Rc6 a4 32. Qc2 a3 33. Bd2 $36 {[%mdl 2048] White is more active.} Be7 34. Kh2 Bf8 35. f4 Be7 36. Be1 Nd7 (36... Qb8 $11) 37. Rc7 $16 Nb6 38. Qc6 Rc8 $2 {[%mdl 8192]} (38... Rb8 $16 {keeps fighting.}) 39. Rxc8 $18 Nxc8 {[#]} 40. Ba6 $1 Qb6 $2 (40... Nd6 41. exd6 Bxd6) 41. Qxc8+ Bf8 (41... Kg7 $142 42. Qb7 Bd8) 42. Bh4 {Accuracy: White = 63%, Black = 42%.} 1-0

[Event "2nd Gujarat Open 2019"]
[Site "Ahmedabad, Gujarat"]
[Date "2019.09.24"]
[Round "4.8"]
[White "Bharat Kumar Reddy Poluri"]
[Black "Karthikeyan, P.."]
[Result "1/2-1/2"]
[WhiteElo "2304"]
[BlackElo "2408"]
[Annotator "TA"]
[PlyCount "57"]
[EventDate "2019.09.22"]
[EventCountry "IND"]
[SourceTitle "playchess.com"]
[Source "ChessBase"]
[SourceQuality "1"]

{[%evp 23,57,20,25,12,7,-37,-8,-6,88,94,101,23,25,-85,16,0,0,-11,0,-11,-13,-7,0,-23,-22,-27,-25,-26,-26,-41,-22,-26,-26,-28,-8,-16]} 1. e4 c5 2. Nf3 d6 3. d4 cxd4 4. Nxd4 Nf6 5. Nc3 a6 6. g3 Bd7 7. Bg2 Nc6 8. O-O e6 9. Nb3 Be7 10. f4 {B80: Sicilian Scheveningen: 6 g3 and 6 Be3, including English Attack} (10. a4 b6 11. g4 O-O 12. f4 Rc8 13. g5 Ne8 14. Qh5 Nb4 15. Rf2 g6 16. Qd1 Ng7 17. Be3 a5 18. Nb5 {½-½ (86) Mamedov,R (2650)-Wang,H (2735) Hengshui 2019}) 10... O-O 11. Kh1 b5 12. a3 Rc8 {LiveBook: 4 Games} 13. g4 h6 14. h4 d5 15. e5 Ne4 (15... Ne8 $11) 16. Nxe4 $16 dxe4 {[#]} 17. Bxe4 (17. g5 $1 $16) 17... Bxh4 $11 18. Nc5 $146 (18. Be3 $11 {remains equal.}) 18... Nb8 ({Black should try} 18... Nxe5 $1 $17 19. b4 {[#]} Nxg4 $1 {[%mdl 576] Decoy} 20. Qxg4 (20. Nxd7 $2 f5 $19) 20... f5 {[%mdl 64] Double Attack}) 19. Nxd7 Nxd7 20. Qe2 Nc5 {[%cal Bd7c5,Bc5a4,Ba4b6,Bb6c4][%mdl 32]} 21. Bf3 g5 22. Kg2 Qe7 23. Be3 gxf4 24. Bxf4 Bg5 25. Bg3 Na4 26. c3 Nb6 27. Rad1 Nc4 28. Bf2 Rfd8 29. Rd4 {Accuracy: White = 24%, Black = 43%.} 1/2-1/2

[Event "2nd Gujarat Open 2019"]
[Site "Ahmedabad, Gujarat"]
[Date "2019.09.24"]
[Round "4.9"]
[White "Liyanage, Ranindu Dilshan"]
[Black "Rahman, Ziaur"]
[Result "1/2-1/2"]
[WhiteElo "1956"]
[BlackElo "2492"]
[Annotator "TA"]
[PlyCount "67"]
[EventDate "2019.09.22"]
[EventCountry "IND"]
[SourceTitle "playchess.com"]
[Source "ChessBase"]
[SourceQuality "1"]

{[%evp 15,67,34,35,20,28,18,30,33,50,38,63,18,40,15,10,5,16,15,25,12,51,0,0,-6,0,0,-2,0,0,-36,-33,-45,-37,-48,-12,-16,-16,-16,-16,-16,-16,-16,0,-23,-9,0,0,0,0,0,0,0,0,0]} 1. e4 d6 2. d4 g6 3. Nc3 Bg7 4. f4 Nf6 5. Nf3 O-O 6. e5 Nfd7 7. Bc4 Nb6 8. Bb3 Nc6 9. Be3 {B09: Pirc Defence: Austrian Attack} Na5 10. Qe2 Bg4 11. O-O {White has an edge.} e6 $146 ({Predecessor:} 11... Qd7 12. h3 Bxf3 13. Rxf3 Nxb3 14. axb3 Qc6 15. Ra5 a6 16. f5 dxe5 17. dxe5 gxf5 18. Rxf5 {1-0 (38) Pruijssers,R (2537)-Cuijpers,F (2447) Netherlands 2014}) 12. Ne4 d5 13. Nc5 Nd7 14. h3 Bxf3 15. Rxf3 Nxc5 16. dxc5 b6 17. Ba4 f6 18. Bd4 (18. exf6 $14 Qxf6 19. c3) 18... fxe5 $11 19. Bxe5 Qe7 20. cxb6 Bxe5 21. Qxe5 axb6 22. Bb3 (22. Qe2 {is interesting.} Nb7 23. Bb3 Qd6 24. g3 Nc5 25. Rd1) 22... Nxb3 23. cxb3 Rf5 24. Qe2 e5 25. g4 Rf7 {Threatens to win with ...Raf8.} 26. fxe5 Rxf3 27. Qxf3 Qxe5 {[%mdl 4096] Endgame KQR-KQR} 28. Rf1 Qe6 29. Qc3 c5 30. Rf6 {The position is equal.} Qe2 31. Rxb6 Re8 32. Rf6 Re3 33. Rf2 Qd1+ 34. Rf1 {Accuracy: White = 80%, Black = 57%.} 1/2-1/2

[Event "2nd Gujarat Open 2019"]
[Site "Ahmedabad, Gujarat"]
[Date "2019.09.24"]
[Round "4.10"]
[White "Aradhya, Garg"]
[Black "Deepan Chakkravarthy J."]
[Result "1/2-1/2"]
[WhiteElo "2157"]
[BlackElo "2539"]
[Annotator "TA"]
[PlyCount "158"]
[EventDate "2019.09.22"]
[EventCountry "IND"]
[SourceTitle "playchess.com"]
[Source "ChessBase"]
[SourceQuality "1"]

{[%evp 11,158,21,14,0,0,0,0,-5,39,-20,-22,-22,-21,-33,22,21,39,46,63,56,65,0,0,0,0,0,0,-17,0,-31,0,0,0,0,0,0,13,13,13,-119,-126,-129,4,4,6,6,5,0,2,0,0,0,0,0,0,0,0,0,0,0,0,-6,0,-8,0,0,14,0,0,0,0,0,0,0,0,0,0,-31,-31,-31,-31,-31,-25,-25,-25,-25,-25,-25,-25,-25,-25,-25,-25,-25,-8,-25,-25,-25,-8,-8,-8,-16,-9,-24,-24,-31,-25,-31,-25,-31,-25,-31,-31,-31,-24,-31,0,-31,-31,-31,-31,-41,-41,-41,-41,-41,-41,-41,-41,-41,-41,-41,-41,-41,-41,-41,-41,-41,-41,-41,0,-41,-41,-41,-41,-41,0,0,0]} 1. e4 c5 2. Nf3 d6 3. Bb5+ Nd7 4. d4 cxd4 5. Qxd4 a6 6. Bxd7+ Bxd7 7. Bg5 {B51: Sicilian: Moscow Variation (3 Bb5+) without 3...Bd7} h6 8. Bh4 Rc8 9. O-O Nf6 10. e5 $146 (10. Bxf6 $1 $14 gxf6 11. Nc3) ({Predecessor:} 10. Bxf6 gxf6 11. c4 Rg8 12. Qd3 f5 13. exf5 Rc5 14. f6 Bh3 15. Ne1 Bxg2 16. Nxg2 {0-1 (40) Morozevich,A (2711)-Khismatullin,D (2651) Poikovsky 2015}) 10... dxe5 $11 11. Nxe5 g5 ({But not} 11... Rxc2 $6 12. Nc3 $16) 12. Bg3 Bg7 ({Not} 12... Rxc2 $2 13. Nc3 $18) (12... Bb5 $15 13. Qxd8+ Rxd8) 13. Nc3 O-O 14. Rad1 {[%cal Re5d7]} Bf5 15. Qb4 Qe8 16. Rfe1 ({Better is} 16. Qxb7 $14 Rb8 17. Qf3) 16... b5 17. h4 e6 18. hxg5 hxg5 19. a4 {[%cal Ra4b5]} bxa4 20. Nc4 Bxc2 21. Rd2 Bb3 22. Nd6 Qd7 23. Be5 $1 Rb8 24. Qd4 Qe7 25. Nce4 (25. Re3 $11) 25... Nxe4 $17 26. Bxg7 Qxd6 (26... Nxd2 $17 27. Bxf8 Qxf8 28. Qxd2 Bd5) 27. Bxf8 $11 {[%csl Gf8][%cal Rd4g7] [#]} Qxd4 28. Rxd4 Kxf8 29. Rdxe4 $17 {[%mdl 4096] Endgame KRR-KRB} Rd8 30. Re5 g4 31. Ra5 Rd6 32. Rc1 Ke7 33. Rc7+ Kf6 34. Rb7 Kg6 35. Kh2 f5 36. Kg3 Kf6 37. f3 gxf3 38. gxf3 e5 39. Kf2 f4 40. Rb4 Rd2+ 41. Ke1 Rd1+ 42. Ke2 Rb1 43. Rxa6+ Kf5 44. Raxa4 (44. Ra5 {keeps more tension.} Rxb2+ 45. Ke1 Rb1+ 46. Kd2 Rb2+ 47. Ke1) 44... Bxa4 45. Rxa4 Rxb2+ $11 {KR-KR} 46. Kf1 Rc2 47. Ra8 Ke6 48. Re8+ Kd5 49. Rd8+ Kc4 50. Ke1 Ra2 51. Rd7 Ra5 52. Ke2 Rd5 53. Rc7+ Kd4 54. Rc1 Rd6 (54... Rb5 {looks sharper.} 55. Rd1+ Kc5 56. Rc1+ Kd6 57. Rc8 Rb2+) 55. Rd1+ Kc5 56. Rc1+ Kd5 57. Rd1+ Ke6 {...Rxd1 is the strong threat.} 58. Rc1 Ra6 59. Rc2 Kf5 60. Kf2 Kg5 61. Re2 Kh4 62. Kg2 Rg6+ 63. Kf2 Ra6 64. Kg2 Ra5 65. Rd2 Ra3 66. Re2 {[#]} e4 $1 {[%mdl 576] Deflection} 67. Rxe4 Ra2+ 68. Kf1 Kg3 69. Rb4 Rf2+ (69... Kxf3 $5 70. Rb3+ $8 Ke4 $11) 70. Kg1 $1 Re2 {[%cal Re2e1]} 71. Kf1 Re3 72. Rb2 Rxf3+ 73. Kg1 $1 Ra3 74. Rg2+ Kh3 {Hoping for ...Ra1+.} 75. Rb2 Kg3 {( -> ...Ra1+)} 76. Rg2+ Kf3 77. Rf2+ Ke4 78. Re2+ Re3 79. Kf2 Rxe2+ {Accuracy: White = 58%, Black = 51%.} 1/2-1/2

[Event "2nd Gujarat Open 2019"]
[Site "Ahmedabad, Gujarat"]
[Date "2019.09.24"]
[Round "4.11"]
[White "Alan Diviya Raj"]
[Black "Vasquez Schroeder, Rodrigo"]
[Result "0-1"]
[WhiteElo "1943"]
[BlackElo "2476"]
[Annotator "TA"]
[PlyCount "98"]
[EventDate "2019.09.22"]
[EventCountry "IND"]
[SourceTitle "playchess.com"]
[Source "ChessBase"]
[SourceQuality "1"]

{[%evp 12,98,0,0,0,-41,13,-24,-27,-24,-9,-19,-21,-25,-16,-22,-22,-22,0,-30,-16,-54,-62,-72,-70,-61,-77,-88,-94,-102,-101,-104,-108,-144,-137,-183,-192,-365,-308,-323,-233,-409,-366,-350,-346,-356,-254,-277,-277,-263,-269,-266,-191,-210,-208,-261,-245,-303,-284,-441,-432,-535,-529,-598,-598,-593,-594,-589,-589,-583,-574,-581,-566,-529,-486,-794,-767,-773,-693,-695,-672,-5197,-5073,-2316,-1837,-29969,-29964,-5222,-2086]} 1. e4 c5 2. c3 Nf6 3. e5 Nd5 4. d4 cxd4 5. cxd4 d6 6. Nf3 Nc6 7. Be2 g6 {B22: Sicilian: 2 c3} 8. Qb3 Nb6 ({Black should try} 8... dxe5 $15 9. dxe5 Nb6) 9. O-O (9. Ng5 {looks sharper.} d5 10. Be3 f6 11. Nf3 Bg4 12. exf6 exf6 13. O-O) 9... Be6 {Black has an edge.} 10. Qa3 dxe5 11. dxe5 Bg7 12. Bf4 O-O 13. Rd1 Qc7 {[%cal Rc6e5]} 14. Nc3 a6 15. Rac1 Rad8 $146 16. h4 Rxd1+ 17. Rxd1 Rd8 18. Rxd8+ Qxd8 19. h5 Nd5 20. Nxd5 Qxd5 21. h6 {[#]} Bf8 $1 22. Qc3 Qxa2 23. Ng5 Bd5 24. Qh3 $2 (24. Nf3) 24... e6 25. Bf3 Be7 ({Resist} 25... Qxb2 26. Bxd5 exd5 27. e6 $19) 26. Kh2 $2 (26. Bxd5 Qxd5 27. Qe3) 26... Bxg5 27. Bxg5 Bxf3 ({Inferior is} 27... Nxe5 28. Qg3 $11) 28. Qxf3 {White threatens Qf6 and mate.} Qd5 29. Qa3 Qxe5+ 30. f4 Qd4 31. Qb3 b5 32. Qf3 {[#]} Qd6 $1 33. Qc3 {[%csl Gh6][%cal Rc3g7]} e5 34. g3 {If White can now play fxe5 this consolidates a bit.} f6 35. fxe5 (35. Qb3+ {is the only way for White.} Kf8 36. fxe5 Nxe5 37. Bf4) 35... Nxe5 $19 36. Bf4 {intending Qc8+.} Ng4+ 37. Kg2 Qd5+ 38. Qf3 Qxf3+ 39. Kxf3 {[%mdl 4096] Endgame KB-KN} f5 40. Ke2 Kf7 41. Kd3 Ke6 42. Kd4 Nf2 43. b4 (43. Bd2 $142 Ne4 44. Bf4) 43... Ne4 44. Bb8 Nf6 45. Ba7 Nd7 46. g4 fxg4 47. Ke4 Nf6+ 48. Kf4 Nd5+ {[%mdl 64] Double Attack} 49. Kxg4 Nxb4 {Accuracy: White = 19%, Black = 75%.} 0-1

[Event "2nd Gujarat Open 2019"]
[Site "Ahmedabad, Gujarat"]
[Date "2019.09.24"]
[Round "4.12"]
[White "Eraschenkov, Denis"]
[Black "Souhardo Basak"]
[Result "1-0"]
[WhiteElo "2390"]
[BlackElo "2301"]
[Annotator "TA"]
[PlyCount "114"]
[EventDate "2019.09.22"]
[EventCountry "IND"]
[SourceTitle "playchess.com"]
[Source "ChessBase"]
[SourceQuality "1"]

{[%evp 22,114,33,24,29,21,43,20,27,-15,30,-6,47,33,36,18,16,13,100,97,93,79,97,96,95,90,119,86,76,72,60,72,142,130,111,118,205,137,188,159,162,176,175,145,139,129,103,95,313,308,416,365,404,411,408,341,345,350,343,342,358,354,377,351,367,367,367,367,366,361,364,360,354,357,354,341,372,360,372,345,322,322,372,346,351,342,500,491,456,347,529,479,12842,12842,12844]} 1. Nf3 g6 2. d4 Bg7 3. c4 Nf6 4. Nc3 O-O 5. Bg5 d6 6. e3 Nbd7 7. Be2 c6 8. O-O Qc7 9. Qc2 e5 10. Rfd1 Re8 {E61: King's Indian: Early deviations for White, including Smyslov System} 11. dxe5 dxe5 12. Nd2 {[%cal Bf3d2,Bd2c4,Bc4d6][%mdl 32] LiveBook: 4 Games} h6 {White has an edge.} 13. Bh4 Nf8 14. c5 Bf5 15. Qb3 Be6 (15... g5 $5 16. Bg3 $8 Ne6 $11) 16. Nc4 N6d7 (16... N8d7 $11) 17. Qa3 b5 18. cxb6 axb6 19. Qd6 $146 Qxd6 (19... Rec8 $11 {keeps the balance.}) 20. Nxd6 $16 (20. Rxd6 $6 g5 $11) 20... Reb8 {[#]} 21. Bf3 $1 $36 {[%mdl 2048] Keeping Black busy.} f5 22. Bxc6 g5 23. Bxa8 Rxa8 24. Bg3 {f3 is the strong threat.} f4 25. b4 fxg3 26. hxg3 Nb8 ({Black should try} 26... Bf6) 27. Ne8 Ra3 28. Nd5 Nc6 (28... Na6 $16) 29. Nec7 (29. Nxb6 Nxb4 30. Nxg7 Kxg7 $11) 29... Bxd5 (29... e4 $16) 30. Nxd5 $18 e4 31. Rac1 Ne5 32. Rc2 (32. Nxb6 $6 Rxa2 33. b5 Nd3 $16) 32... Nd3 33. Rdd2 ({But not} 33. Nxb6 Nxb4 34. Rc4 Nxa2 $14) 33... b5 34. Rc7 Ra4 $2 (34... Kh8 $16) 35. Rb7 Ng6 36. Rc2 Ra8 37. Rxb5 Nge5 38. Rc8+ {[%mdl 64] Decoy} Rxc8 39. Ne7+ {[%mdl 64] Double Attack} Kf7 {( -> ...Rc1+)} 40. Nxc8 Bf8 41. a4 Nc4 42. Rb7+ Ke8 43. Nb6 Nxb6 44. Rxb6 Bxb4 45. Re6+ (45. Rxh6 Kd7 $18) 45... Kd7 46. Rxe4 ({Less strong is} 46. Rxh6 g4 $18) 46... Bd6 47. g4 ({Not} 47. Rd4 Nc5 $18) 47... Nc5 48. Rd4 Kc6 49. g3 Be5 50. Rc4 Kd5 51. Rb4 Bc3 52. Rb6 Nxa4 53. Rxh6 Nc5 (53... Bb4 {keeps fighting.} 54. Rf6 Be7 55. Rf5+ Ke6) 54. Rg6 Ne6 55. Kg2 Ba5 (55... Bd2 {was called for.} 56. Kf1 Ke5) 56. f4 Bd8 {[#]} (56... gxf4 $142 57. gxf4 Nc5 58. Rg5+ Kc4) 57. e4+ $1 Kxe4 {Accuracy: White = 78%, Black = 46%.} 1-0

[Event "2nd Gujarat Open 2019"]
[Site "Ahmedabad, Gujarat"]
[Date "2019.09.24"]
[Round "4.13"]
[White "Manik, Mikulas"]
[Black "Shailesh, Dravid"]
[Result "1/2-1/2"]
[WhiteElo "2375"]
[BlackElo "2299"]
[Annotator "TA"]
[PlyCount "61"]
[EventDate "2019.09.22"]
[EventCountry "IND"]
[SourceTitle "playchess.com"]
[Source "ChessBase"]
[SourceQuality "1"]

{[%evp 21,61,26,43,0,45,36,59,59,66,58,66,60,63,35,69,21,52,51,64,15,9,13,17,7,7,7,7,7,7,10,22,0,0,0,0,0,0,0,0,0,15,0]} 1. e4 d5 2. exd5 Nf6 3. Bb5+ Bd7 4. Be2 Nxd5 5. d4 Bf5 6. Nf3 e6 7. O-O Be7 8. a3 O-O 9. c4 Nb6 10. Nc3 Nc6 11. Be3 Bf6 12. b3 {B01: Scandinavian Defence} (12. h3 Qd7 13. b4 Rad8 14. Qb3 Nxd4 15. Bxd4 Bxd4 16. Rad1 e5 17. Nb5 Qe7 18. c5 Nd5 19. Nbxd4 exd4 20. Nxd4 {1-0 (41) Dvoirys,S (2552)-Tilicheev,V (2497) Pardubice 2017}) 12... Bg4 13. Ne4 Be7 $146 ({Predecessor:} 13... h6 14. Qd2 Be7 15. Rfd1 Qc8 16. Ng3 Rd8 17. Qc3 Bd6 18. h3 Bxf3 19. Bxf3 Bxg3 20. fxg3 {1-0 (54) Cesbron,G (2223)-Bibens,J (2131) France 2001}) 14. h3 {White is slightly better.} Bxf3 15. Bxf3 f5 16. Nc5 Bxc5 $1 17. dxc5 Nd7 18. Bg5 Qe8 19. Re1 {And now Rxe6! would win.} e5 20. Bxc6 bxc6 {The position is equal.} 21. Bf4 Rf6 22. Bxe5 Nxe5 23. f4 Re6 {[#] Threatens to win with ...Rd8.} 24. fxe5 Rxe5 25. Qd2 Qe7 26. Qf2 Re8 {[%cal Re5e1]} 27. Rxe5 Qxe5 28. Rd1 g6 29. Rd7 Qa1+ 30. Kh2 {White wants to play Qf4.} Qe5+ 31. Kg1 {Accuracy: White = 53%, Black = 63%.} 1/2-1/2

[Event "2nd Gujarat Open 2019"]
[Site "Ahmedabad, Gujarat"]
[Date "2019.09.24"]
[Round "4.14"]
[White "Sidhant, Mohapatra"]
[Black "Patil, Pratik"]
[Result "1-0"]
[WhiteElo "2357"]
[BlackElo "2187"]
[Annotator "TA"]
[PlyCount "67"]
[EventDate "2019.09.22"]
[EventCountry "IND"]
[SourceTitle "playchess.com"]
[Source "ChessBase"]
[SourceQuality "1"]

{[%evp 12,67,25,12,52,45,44,7,36,32,27,28,60,47,37,37,45,40,49,45,53,9,49,14,60,0,39,25,58,55,64,26,154,168,161,168,177,163,163,160,182,167,227,227,232,165,183,161,329,308,318,273,302,300,339,310,1037,1022]} 1. e4 c5 2. Nf3 e6 3. d4 cxd4 4. Nxd4 a6 5. c4 Nf6 6. Nc3 Qc7 7. Qe2 d6 {B41: Sicilian: Kan Variation: 5 c4} (7... Nc6 8. Nxc6 dxc6 9. e5 Nd7 10. f4 b6 11. g3 Bb7 12. Be3 Bb4 13. Bg2 Bxc3+ 14. bxc3 c5 15. Bxb7 Qxb7 {1-0 (39) Hammer,J (2610)-Hillarp Persson,T (2542) Malmo 2010}) 8. g3 Nc6 9. Nc2 Be7 {The position is equal.} 10. Bg2 O-O 11. O-O b6 12. Bd2 $146 ({Predecessor:} 12. Rd1 Bb7 13. Ne3 Rac8 14. b3 Rfe8 15. Bb2 Qb8 {1-0 (59) Ivana Maria,F (2132)-Alinasab,M (2226) Shiraz 2017}) 12... Bb7 13. Rac1 Rac8 14. b3 Rfe8 15. f4 Nd7 16. g4 Bf8 17. g5 Qb8 18. Rf3 (18. Be3 $14) 18... g6 19. Rh3 Bg7 20. Qf2 Ne7 21. Ne3 Qa8 (21... f5 $11 {remains equal.}) 22. Ng4 $16 f5 23. gxf6 $1 Nxf6 24. Nxf6+ Bxf6 25. Na4 $36 {[%mdl 2048] White is in control.} ({Don't do} 25. Qxb6 $6 Nf5 $14) 25... Bxe4 26. Nxb6 {[%mdl 64] [#] Double Attack} Qc6 (26... Bxg2 $142 27. Nxa8 Bxh3) 27. Nxc8 $18 Rxc8 28. Re1 Bxg2 29. Qxg2 Qc5+ $2 {[#]} (29... d5 30. Bc3 Qb6+ 31. Kh1 d4) 30. Kh1 Qf5 31. Bc3 Bxc3 32. Rxc3 Qxf4 33. Rxe6 Nf5 $2 (33... Qd4 34. Rc1 Nf5) 34. Rf3 {Accuracy: White = 69%, Black = 20%.} 1-0

[Event "2nd Gujarat Open 2019"]
[Site "Ahmedabad, Gujarat"]
[Date "2019.09.24"]
[Round "4.15"]
[White "Himanshu, Sharma"]
[Black "Katdare, Jayant C"]
[Result "1-0"]
[WhiteElo "2408"]
[BlackElo "2046"]
[Annotator "TA"]
[PlyCount "161"]
[EventDate "2019.09.22"]
[EventCountry "IND"]
[SourceTitle "playchess.com"]
[Source "ChessBase"]
[SourceQuality "1"]

{[%evp 20,161,36,33,36,38,86,63,80,74,77,87,75,83,118,106,106,107,117,97,112,87,91,87,144,106,112,94,124,114,115,110,116,111,122,114,118,131,118,72,173,160,202,189,190,131,92,10,22,16,16,-11,-30,-25,-20,-22,0,-93,-21,-44,0,0,0,0,0,0,8,6,6,31,83,83,96,34,37,40,26,15,48,28,75,76,149,114,94,94,94,95,110,16,77,20,16,16,33,9,12,0,0,0,0,0,0,0,0,0,0,0,0,0,0,0,0,0,0,0,0,0,0,0,115,126,121,97,112,91,139,139,465,468,517,339,736,679,648,312,29974,29976,29975,29962,29981,29982,29983,29983]} 1. e4 e6 2. d4 d5 3. Nd2 Nf6 4. e5 Nfd7 5. c3 c5 6. f4 Nc6 7. Ndf3 cxd4 8. cxd4 Be7 9. Bd3 O-O 10. Ne2 f6 11. O-O f5 {C06: French Tarrasch: 3...Nf6 4 e5 Nfd7 5 Bd3 main lines} 12. h3 Rf7 13. g4 Nf8 $146 {White is slightly better.} ({Predecessor:} 13... g6 14. gxf5 gxf5 15. Kh2 Rg7 16. Be3 Qe8 17. Ng3 Nf8 18. Rg1 Bd7 19. a3 {1-0 (55) Huebner,R (2595)-Mueller,J Hamburg 1978}) 14. Be3 Nb4 15. Bb1 $1 Bd7 16. Nc3 Be8 17. a3 Na6 18. Bd3 Nc7 19. Qc2 {[%cal Rg4f5]} g6 20. Rac1 Bc6 21. Kh2 Qe8 (21... Nd7 $142) 22. Qe2 a6 23. Bd2 Bd8 24. Qe3 Nd7 25. Rg1 Nb6 26. b3 Kh8 27. a4 Nc8 28. Ne2 a5 29. Rc2 b5 (29... Ne7 $16) 30. Rgc1 $18 bxa4 31. Rxc6 axb3 32. Bb1 (32. Ng5 $18) 32... Na7 $16 33. R6c5 (33. Rb6 $16 a4 34. Bd3) 33... a4 $1 $11 34. gxf5 gxf5 35. Ba5 {[%cal Ra5c7]} Nab5 36. Bxc7 Nxc7 37. Rg1 Rb8 38. Nc1 (38. Ra5 $11) 38... Na6 (38... Nb5 $17 39. Bd3 b2) 39. Rc3 Nc7 (39... Ba5 {looks sharper.} 40. Rd3 Nb4 41. Rdd1 Nc6 42. Rg2 Qf8) 40. Nxb3 axb3 41. Rxb3 Rxb3 42. Qxb3 Qb5 43. Qxb5 Nxb5 44. Bd3 Nc7 (44... Nc3 $14) 45. Rb1 $16 Kg8 46. Kg3 (46. Rb6 $16) 46... h6 47. Rb8 Rf8 {Hoping for ...Bh4+!} 48. Rb7 Rf7 49. Kf2 Kf8 50. Rb8 Ke8 (50... Rd7 $142) 51. Bc2 Rf8 52. Ba4+ $1 Kf7 {White must now prevent ...Bh4+!} 53. Rb7 Rg8 54. Bd1 (54. Ne1 $1 $16) 54... Rg7 (54... Ke8 $11) 55. Ng1 (55. Ne1 $16) 55... Bh4+ 56. Kf1 Bd8 57. Bh5+ Ke7 58. Ne2 Kd7 59. Kf2 Kc6 60. Rb8 Kd7 61. Kf3 Na6 62. Rb1 (62. Rb7+ {is interesting.} Nc7 63. Rb8) 62... Nc7 63. Kf2 Bh4+ 64. Kf1 Rg8 65. Rb3 Ra8 66. Rb2 Kc6 67. Kg2 Rg8+ 68. Kf3 Ra8 69. Bf7 Rf8 (69... Ra3+ $11 {keeps the balance.} 70. Kg2 Rd3) 70. Rc2+ Kd7 {[#]} 71. Rxc7+ $1 {[%mdl 64] Remove Defender} Kxc7 72. Bxe6 {[%mdl 4096] Endgame KRB-KBN} Ra8 73. Bxf5 Ra3+ $2 {[%mdl 8192]} (73... Kd8 $16) 74. Kg4 $18 Bf2 {[#]} 75. Kh5 $1 {[%cal Rh5h6]} Re3 $2 (75... Kd8 76. Kxh6 Ke8) 76. Bg4 Rd3 77. f5 (77. Kxh6 $142 Rd1 78. f5) 77... Bxd4 $2 (77... Rxd4 $18 78. Nxd4 Bxd4 79. Kxh6 Bxe5) 78. Nxd4 {White mates.} Rxd4 79. f6 Kd8 80. Kxh6 Rf4 81. Kg7 {Accuracy: White = 61%, Black = 31%.} 1-0